000 00367nam a22001577a 4500
003 OSt
005 20240823114926.0
008 240823b |||||||| |||| 00| 0 eng d
020 _a9789385935145
040 _cIIMT ENGINEERING COLLEGE
100 _aSHARMA J K
245 _aOPERATIONS RESEARCH
300 _a943
440 _aOPERATIONS RESEARCH
942 _2ddc
_c02
999 _c64123
_d64123